| 000 | 00482nam a2200181Ia 4500 | ||
|---|---|---|---|
| 008 | 220204s9999 xx 000 0 und d | ||
| 020 | _a1560229071 | ||
| 082 |
_a575:631.52 _bTAJ |
||
| 100 | _aTaji, Akram | ||
| 245 | 0 | _aIn vitro plant breeding | |
| 260 |
_aNew York _bThe Haworth Press _c2002 |
||
| 650 | _aCryopreservation | ||
| 650 | _aIn vitro culture | ||
| 650 | _aMolecular markers | ||
| 650 | _aMolecular plant breeding | ||
| 650 | _aPlant tissue culture | ||
| 942 | _cBK | ||
| 999 |
_c43016 _d43016 |
||